[Event "Championnat de Belgique \"Experts\" 2018"]
[Site "Roux, Belgium"]
[Date "2018.07.29"]
[Round "2.3"]
[White "Sadkowski, Daniel"]
[Black "Bomans, Arno"]
[Result "1/2-1/2"]
[WhiteTitle "FM"]
[BlackTitle "FM"]
[WhiteElo "2235"]
[BlackElo "2248"]

1. d4 {[%clk 01:30:56]} {[%emt 00:00:03]} f5 {[%clk 01:30:55]} {[%emt
00:00:05]} 2. Nc3 {[%clk 01:31:18]} {[%emt 00:00:08]} Nf6 {[%clk 01:30:55]}
{[%emt 00:00:31]} 3. Bg5 {[%clk 01:31:35]} {[%emt 00:00:12]} d5 {[%clk
01:31:05]} {[%emt 00:00:20]} 4. f3 {[%clk 01:31:45]} {[%emt 00:00:20]} c5
{[%clk 01:25:41]} {[%emt 00:05:55]} 5. e4 {[%clk 01:31:40]} {[%emt 00:00:35]}
Nc6 {[%clk 00:53:13]} {[%emt 00:32:59]} 6. Nge2 {[%clk 01:30:02]} {[%emt
00:02:07]} dxe4 {[%clk 00:42:12]} {[%emt 00:11:32]} 7. d5 {[%clk 01:30:13]}
{[%emt 00:00:18]} exf3 {[%clk 00:40:52]} {[%emt 00:01:51]} 8. gxf3 {[%clk
01:30:25]} {[%emt 00:00:18]} Ne5 {[%clk 00:41:05]} {[%emt 00:00:18]} 9. Nf4
{[%clk 01:30:45]} {[%emt 00:00:09]} Qb6 {[%clk 00:34:29]} {[%emt 00:07:06]} 10.
Qe2 {[%clk 01:28:19]} {[%emt 00:02:56]} Nf7 {[%clk 00:27:47]} {[%emt 00:07:12]}
11. h4 {[%clk 00:32:54]} {[%emt 00:55:54]} Qxb2 {[%clk 00:27:17]} {[%emt
00:01:01]} 12. Qb5+ {[%clk 00:33:11]} {[%emt 00:00:13]} Qxb5 {[%clk 00:27:44]}
{[%emt 00:00:04]} 13. Nxb5 {[%clk 00:33:32]} {[%emt 00:00:09]} Kd8 {[%clk
00:26:21]} {[%emt 00:01:53]} 14. O-O-O {[%clk 00:30:17]} {[%emt 00:03:44]} Nd6
{[%clk 00:19:01]} {[%emt 00:07:50]} 15. Ne6+ {[%clk 00:28:20]} {[%emt
00:02:26]} Bxe6 {[%clk 00:19:28]} {[%emt 00:00:03]} 16. dxe6 {[%clk 00:28:46]}
{[%emt 00:00:04]} a6 {[%clk 00:18:35]} {[%emt 00:01:24]} 17. Nxd6 {[%clk
00:25:27]} {[%emt 00:03:49]} exd6 {[%clk 00:19:02]} {[%emt 00:00:03]} 18. Bh3
{[%clk 00:22:57]} {[%emt 00:02:58]} Kc7 {[%clk 00:16:29]} {[%emt 00:03:04]} 19.
Bxf5 {[%clk 00:13:06]} {[%emt 00:10:21]} Be7 {[%clk 00:16:49]} {[%emt
00:00:10]} 20. h5 {[%clk 00:06:35]} {[%emt 00:07:00]} Rae8 {[%clk 00:09:42]}
{[%emt 00:07:37]} 1/2-1/2

[Event "Championnat de Belgique \"Experts\" 2018"]
[Site "Roux, Belgium"]
[Date "2018.07.29"]
[Round "2.4"]
[White "Hautot, Stéphane"]
[Black "Ringoir, Tanguy"]
[Result "0-1"]
[WhiteTitle "IM"]
[BlackTitle "GM"]
[WhiteElo "2338"]
[BlackElo "2530"]

1. e4 {[%clk 01:30:57]} {[%emt 00:00:02]} e5 {[%clk 01:30:55]} {[%emt
00:00:04]} 2. Nf3 {[%clk 01:31:23]} {[%emt 00:00:05]} Nc6 {[%clk 01:31:20]}
{[%emt 00:00:05]} 3. Bc4 {[%clk 01:31:19]} {[%emt 00:00:35]} Bc5 {[%clk
01:31:32]} {[%emt 00:00:17]} 4. c3 {[%clk 01:31:26]} {[%emt 00:00:23]} Nf6
{[%clk 01:31:54]} {[%emt 00:00:07]} 5. d3 {[%clk 01:31:44]} {[%emt 00:00:13]}
d6 {[%clk 01:32:03]} {[%emt 00:00:21]} 6. O-O {[%clk 01:31:56]} {[%emt
00:00:17]} a6 {[%clk 01:32:24]} {[%emt 00:00:10]} 7. Bb3 {[%clk 01:31:35]}
{[%emt 00:00:52]} Ba7 {[%clk 01:32:05]} {[%emt 00:00:49]} 8. Re1 {[%clk
01:29:37]} {[%emt 00:02:28]} O-O {[%clk 01:25:23]} {[%emt 00:07:11]} 9. h3
{[%clk 01:29:06]} {[%emt 00:01:02]} h6 {[%clk 01:25:27]} {[%emt 00:00:26]} 10.
Nbd2 {[%clk 01:29:24]} {[%emt 00:00:12]} Re8 {[%clk 01:25:51]} {[%emt
00:00:06]} 11. Nf1 {[%clk 01:29:42]} {[%emt 00:00:11]} Be6 {[%clk 01:26:16]}
{[%emt 00:00:05]} 12. Bc2 {[%clk 01:28:54]} {[%emt 00:01:18]} d5 {[%clk
01:23:25]} {[%emt 00:03:21]} 13. exd5 {[%clk 01:28:56]} {[%emt 00:00:29]} Qxd5
{[%clk 01:22:11]} {[%emt 00:01:44]} 14. Ng3 {[%clk 01:27:38]} {[%emt 00:01:48]}
Rad8 {[%clk 01:18:56]} {[%emt 00:03:44]} 15. Nh4 {[%clk 01:05:19]} {[%emt
00:22:49]} Bc5 {[%clk 01:08:30]} {[%emt 00:10:56]} 16. Nhf5 {[%clk 00:54:45]}
{[%emt 00:11:05]} Bf8 {[%clk 00:55:21]} {[%emt 00:13:39]} 17. Ne3 {[%clk
00:51:14]} {[%emt 00:04:01]} Qd7 {[%clk 00:53:20]} {[%emt 00:02:31]} 18. Qf3
{[%clk 00:49:00]} {[%emt 00:02:44]} Nh7 {[%clk 00:53:20]} {[%emt 00:00:30]} 19.
h4 {[%clk 00:23:47]} {[%emt 00:25:44]} g6 {[%clk 00:45:52]} {[%emt 00:07:57]}
20. h5 {[%clk 00:17:13]} {[%emt 00:07:05]} Ng5 {[%clk 00:45:26]} {[%emt
00:00:56]} 21. Qe2 {[%clk 00:16:45]} {[%emt 00:00:58]} f5 {[%clk 00:45:48]}
{[%emt 00:00:07]} 22. Nef1 {[%clk 00:10:30]} {[%emt 00:06:45]} f4 {[%clk
00:41:09]} {[%emt 00:05:09]} 23. Ne4 {[%clk 00:09:59]} {[%emt 00:01:02]} Nxe4
{[%clk 00:37:41]} {[%emt 00:03:58]} 24. dxe4 {[%clk 00:08:44]} {[%emt
00:01:45]} g5 {[%clk 00:34:29]} {[%emt 00:03:41]} 25. Bb3 {[%clk 00:08:37]}
{[%emt 00:00:37]} Kg7 {[%clk 00:27:15]} {[%emt 00:07:44]} 26. Bxe6 {[%clk
00:08:58]} {[%emt 00:00:10]} Qxe6 {[%clk 00:27:40]} {[%emt 00:00:05]} 27. Nh2
{[%clk 00:07:09]} {[%emt 00:02:19]} Nb8 {[%clk 00:25:00]} {[%emt 00:03:10]} 28.
b3 {[%clk 00:06:24]} {[%emt 00:01:15]} Nd7 {[%clk 00:25:24]} {[%emt 00:00:05]}
29. Bd2 {[%clk 00:04:02]} {[%emt 00:02:52]} Nf6 {[%clk 00:24:55]} {[%emt
00:00:59]} 30. Rad1 {[%clk 00:04:11]} {[%emt 00:00:22]} g4 {[%clk 00:21:12]}
{[%emt 00:04:13]} 31. c4 {[%clk 00:02:53]} {[%emt 00:01:48]} Bc5 {[%clk
00:19:48]} {[%emt 00:01:54]} 32. Kh1 {[%clk 00:02:03]} {[%emt 00:01:20]} g3
{[%clk 00:13:36]} {[%emt 00:06:42]} 33. fxg3 {[%clk 00:02:08]} {[%emt
00:00:25]} fxg3 {[%clk 00:14:04]} {[%emt 00:00:02]} 34. Nf3 {[%clk 00:02:17]}
{[%emt 00:00:22]} Ng4 {[%clk 00:08:58]} {[%emt 00:05:36]} 35. b4 {[%clk
00:02:18]} {[%emt 00:00:29]} Qf7 {[%clk 00:05:12]} {[%emt 00:04:16]} 36. bxc5
{[%clk 00:01:29]} {[%emt 00:01:19]} Qxh5 {[%clk 00:05:36]} {[%emt 00:00:05]} 37.
Kg1 {[%clk 00:01:55]} {[%emt 00:00:04]} Nf2 {[%clk 00:06:04]} {[%emt 00:00:03]}
38. Kf1 {[%clk 00:01:10]} {[%emt 00:01:15]} Rf8 {[%clk 00:06:08]} {[%emt
00:00:26]} 39. Bxh6+ {[%clk 00:00:34]} {[%emt 00:01:06]} Qxh6 {[%clk 00:06:24]}
{[%emt 00:00:14]} 40. Rxd8 {[%clk 00:00:52]} {[%emt 00:00:12]} Qh1+ {[%clk
00:06:40]} {[%emt 00:00:13]} 41. Ng1 {[%clk 00:01:17]} {[%emt 00:00:05]} Nh3+
{[%clk 00:07:09]} {[%emt 00:00:02]} 42. Rxf8 {[%clk 00:01:33]} {[%emt
00:00:14]} Qxg1# {[%emt 00:00:04]} 0-1

[Event "Championnat de Belgique \"Experts\" 2018"]
[Site "Roux, Belgium"]
[Date "2018.07.29"]
[Round "2.2"]
[White "Malakhatko, Vadim"]
[Black "Docx, Stefan"]
[Result "1/2-1/2"]
[WhiteTitle "GM"]
[BlackTitle "IM"]
[WhiteElo "2499"]
[BlackElo "2444"]

1. c4 {[%clk 01:30:56]} {[%emt 00:00:04]} c5 {[%clk 01:30:33]} {[%emt
00:00:26]} 2. g3 {[%clk 01:31:14]} {[%emt 00:00:12]} g6 {[%clk 01:30:58]}
{[%emt 00:00:06]} 3. Bg2 {[%clk 01:31:38]} {[%emt 00:00:05]} Bg7 {[%clk
01:31:24]} {[%emt 00:00:04]} 4. Nc3 {[%clk 01:32:01]} {[%emt 00:00:07]} Nc6
{[%clk 01:31:51]} {[%emt 00:00:04]} 5. a3 {[%clk 01:32:21]} {[%emt 00:00:10]}
Nf6 {[%clk 01:31:07]} {[%emt 00:01:12]} 6. Nh3 {[%clk 01:26:20]} {[%emt
00:06:31]} d5 {[%clk 01:27:31]} {[%emt 00:04:07]} 7. cxd5 {[%clk 01:26:14]}
{[%emt 00:00:36]} Nxd5 {[%clk 01:27:47]} {[%emt 00:00:14]} 8. Nxd5 {[%clk
01:19:39]} {[%emt 00:07:06]} Bxh3 {[%clk 01:28:02]} {[%emt 00:00:15]} 9. Bxh3
{[%clk 01:19:10]} {[%emt 00:00:59]} Qxd5 {[%clk 01:28:24]} {[%emt 00:00:06]} 10.
O-O {[%clk 01:19:37]} {[%emt 00:00:04]} O-O {[%clk 01:28:45]} {[%emt 00:00:10]}
11. Bg2 {[%clk 01:20:04]} {[%emt 00:00:03]} Qe6 {[%clk 01:29:05]} {[%emt
00:00:09]} 12. e3 {[%clk 01:18:17]} {[%emt 00:02:17]} Rac8 {[%clk 01:25:39]}
{[%emt 00:03:56]} 13. Qc2 {[%clk 01:12:34]} {[%emt 00:06:13]} b6 {[%clk
01:23:55]} {[%emt 00:02:13]} 14. Rb1 {[%clk 01:07:59]} {[%emt 00:05:06]} Rfd8
{[%clk 01:12:23]} {[%emt 00:12:03]} 15. b3 {[%clk 01:00:35]} {[%emt 00:07:53]}
Rd6 {[%clk 01:11:36]} {[%emt 00:01:17]} 16. f4 {[%clk 00:56:24]} {[%emt
00:04:40]} Qd7 {[%clk 01:10:38]} {[%emt 00:01:27]} 17. Rf2 {[%clk 00:55:11]}
{[%emt 00:01:43]} e6 {[%clk 01:08:33]} {[%emt 00:02:36]} 18. Bb2 {[%clk
00:50:46]} {[%emt 00:04:55]} Rd8 {[%clk 01:06:26]} {[%emt 00:02:37]} 19. Bxg7
{[%clk 00:50:50]} {[%emt 00:00:26]} Kxg7 {[%clk 01:06:52]} {[%emt 00:00:03]} 20.
b4 {[%clk 00:45:08]} {[%emt 00:06:13]} cxb4 {[%clk 01:07:05]} {[%emt 00:00:17]}
21. axb4 {[%clk 00:45:33]} {[%emt 00:00:05]} Ne7 {[%clk 01:07:13]} {[%emt
00:00:21]} 22. Rb2 {[%clk 00:30:45]} {[%emt 00:15:18]} 1/2-1/2

[Event "Championnat de Belgique \"Experts\" 2018"]
[Site "Roux, Belgium"]
[Date "2018.07.29"]
[Round "2.5"]
[White "Fontaine, Quentin"]
[Black "Dgebuadze, Alexandre"]
[Result "1/2-1/2"]
[WhiteTitle "FM"]
[BlackTitle "GM"]
[WhiteElo "2313"]
[BlackElo "2519"]

1. d4 {[%clk 01:26:19]} {[%emt 00:04:40]} Nf6 {[%clk 01:30:13]} {[%emt
00:00:48]} 2. c4 {[%clk 01:26:22]} {[%emt 00:00:28]} e6 {[%clk 01:29:27]}
{[%emt 00:01:15]} 3. Nc3 {[%clk 01:26:08]} {[%emt 00:00:44]} Bb4 {[%clk
01:29:25]} {[%emt 00:00:31]} 4. Qc2 {[%clk 01:26:31]} {[%emt 00:00:07]} c5
{[%clk 01:27:40]} {[%emt 00:02:16]} 5. dxc5 {[%clk 01:26:39]} {[%emt 00:00:23]}
Na6 {[%clk 01:27:52]} {[%emt 00:00:18]} 6. a3 {[%clk 01:21:16]} {[%emt
00:05:52]} Bxc3+ {[%clk 01:24:15]} {[%emt 00:04:06]} 7. Qxc3 {[%clk 01:21:41]}
{[%emt 00:00:05]} Nxc5 {[%clk 01:24:31]} {[%emt 00:00:15]} 8. Nf3 {[%clk
01:20:54]} {[%emt 00:01:16]} d5 {[%clk 01:16:18]} {[%emt 00:08:43]} 9. e3
{[%clk 01:15:21]} {[%emt 00:06:03]} O-O {[%clk 01:11:14]} {[%emt 00:05:34]} 10.
cxd5 {[%clk 01:01:06]} {[%emt 00:14:45]} Qxd5 {[%clk 01:01:45]} {[%emt
00:09:59]} 11. Bc4 {[%clk 00:54:44]} {[%emt 00:06:53]} Qd6 {[%clk 00:58:05]}
{[%emt 00:04:09]} 12. O-O {[%clk 00:53:35]} {[%emt 00:01:40]} Bd7 {[%clk
00:57:47]} {[%emt 00:00:49]} 13. Qd4 {[%clk 00:46:05]} {[%emt 00:08:00]} Qxd4
{[%clk 00:56:33]} {[%emt 00:01:44]} 14. exd4 {[%clk 00:45:55]} {[%emt
00:00:39]} Na4 {[%clk 00:47:32]} {[%emt 00:09:31]} 15. Ne5 {[%clk 00:41:41]}
{[%emt 00:04:45]} Rfd8 {[%clk 00:46:05]} {[%emt 00:01:56]} 16. b3 {[%clk
00:36:45]} {[%emt 00:05:26]} Nb6 {[%clk 00:45:14]} {[%emt 00:01:21]} 17. Be2
{[%clk 00:35:40]} {[%emt 00:01:34]} Be8 {[%clk 00:42:16]} {[%emt 00:03:28]} 18.
Bb2 {[%clk 00:34:17]} {[%emt 00:01:53]} Nfd5 {[%clk 00:38:45]} {[%emt
00:04:01]} 19. g3 {[%clk 00:32:45]} {[%emt 00:02:03]} Nc8 {[%clk 00:35:48]}
{[%emt 00:03:27]} 20. Rac1 {[%clk 00:29:05]} {[%emt 00:04:10]} Nce7 {[%clk
00:35:17]} {[%emt 00:01:01]} 21. Rfd1 {[%clk 00:25:51]} {[%emt 00:03:44]} Rac8
{[%clk 00:33:49]} {[%emt 00:01:58]} 22. Rxc8 {[%clk 00:23:42]} {[%emt
00:02:39]} Rxc8 {[%clk 00:34:10]} {[%emt 00:00:09]} 23. Rc1 {[%clk 00:23:59]}
{[%emt 00:00:13]} Rd8 {[%clk 00:23:30]} {[%emt 00:11:09]} 24. Bf3 {[%clk
00:23:03]} {[%emt 00:01:26]} Nc6 {[%clk 00:21:55]} {[%emt 00:02:05]} 25. Kf1
{[%clk 00:19:27]} {[%emt 00:04:07]} h6 {[%clk 00:18:29]} {[%emt 00:03:56]} 26.
Ke1 {[%clk 00:18:06]} {[%emt 00:01:49]} Nde7 {[%clk 00:14:26]} {[%emt
00:04:34]} 27. Rd1 {[%clk 00:14:44]} {[%emt 00:03:52]} Nd5 {[%clk 00:14:30]}
{[%emt 00:00:27]} 28. Rc1 {[%clk 00:13:36]} {[%emt 00:01:38]} Nde7 {[%clk
00:12:37]} {[%emt 00:02:22]} 29. Rd1 {[%clk 00:13:58]} {[%emt 00:00:07]} Nd5
{[%clk 00:12:58]} {[%emt 00:00:09]} 30. Rc1 {[%clk 00:14:20]} {[%emt 00:00:09]}
Nde7 31. Rd1 {[%clk 00:14:20]} 1/2-1/2

[ePGN "0.1;DGT LiveChess/2.1"]

[Event "Championnat de Belgique \"Experts\" 2018"]
[Site "Roux, Belgium"]
[Date "2018.07.30"]
[Round "3.3"]
[White "Bomans, Arno"]
[Black "Hautot, Stéphane"]
[Result "1/2-1/2"]
[WhiteTitle "FM"]
[BlackTitle "IM"]
[WhiteElo "2248"]
[BlackElo "2338"]

1. e4 {[%clk 01:28:06]} {[%emt 00:02:53]} c5 {[%clk 01:25:08]} {[%emt
00:05:52]} 2. Nf3 {[%clk 01:28:28]} {[%emt 00:00:08]} d6 {[%clk 01:25:31]}
{[%emt 00:00:08]} 3. d4 {[%clk 01:28:51]} {[%emt 00:00:06]} cxd4 {[%clk
01:25:50]} {[%emt 00:00:11]} 4. Nxd4 {[%clk 01:29:16]} {[%emt 00:00:05]} Nf6
{[%clk 01:26:10]} {[%emt 00:00:10]} 5. Nc3 {[%clk 01:29:40]} {[%emt 00:00:05]}
a6 {[%clk 01:16:28]} {[%emt 00:10:12]} 6. Be2 {[%clk 01:27:34]} {[%emt
00:02:35]} e6 {[%clk 01:08:08]} {[%emt 00:08:51]} 7. O-O {[%clk 01:24:47]}
{[%emt 00:03:16]} Be7 {[%clk 01:08:31]} {[%emt 00:00:09]} 8. f4 {[%clk
01:22:52]} {[%emt 00:02:25]} O-O {[%clk 01:04:40]} {[%emt 00:04:21]} 9. g4
{[%clk 01:19:25]} {[%emt 00:03:56]} b5 {[%clk 01:01:25]} {[%emt 00:03:46]} 10.
g5 {[%clk 01:13:48]} {[%emt 00:06:07]} Ne8 {[%clk 01:00:12]} {[%emt 00:01:44]}
11. a3 {[%clk 01:13:00]} {[%emt 00:01:18]} Bb7 {[%clk 00:56:56]} {[%emt
00:03:46]} 12. h4 {[%clk 00:59:17]} {[%emt 00:14:13]} Nc6 {[%clk 00:50:43]}
{[%emt 00:06:43]} 13. Be3 {[%clk 00:53:57]} {[%emt 00:05:50]} Nxd4 {[%clk
00:43:49]} {[%emt 00:07:24]} 14. Qxd4 {[%clk 00:53:31]} {[%emt 00:00:56]} d5
{[%clk 00:29:56]} {[%emt 00:14:24]} 15. exd5 {[%clk 00:48:56]} {[%emt
00:05:05]} exd5 {[%clk 00:29:59]} {[%emt 00:00:27]} 16. f5 {[%clk 00:42:23]}
{[%emt 00:07:03]} Qc7 {[%clk 00:20:20]} {[%emt 00:10:09]} 17. Rf2 {[%clk
00:36:13]} {[%emt 00:06:39]} Rd8 {[%clk 00:15:58]} {[%emt 00:04:52]} 18. f6
{[%clk 00:31:56]} {[%emt 00:04:47]} Bd6 {[%clk 00:16:14]} {[%emt 00:00:14]} 19.
Bf4 {[%clk 00:19:13]} {[%emt 00:13:13]} Bxf4 {[%clk 00:12:26]} {[%emt
00:04:18]} 20. Rxf4 {[%clk 00:19:21]} {[%emt 00:00:22]} gxf6 {[%clk 00:06:42]}
{[%emt 00:06:15]} 21. Bd3 {[%clk 00:11:19]} {[%emt 00:08:31]} Qe5 {[%clk
00:06:46]} {[%emt 00:00:27]} 22. Qf2 {[%clk 00:10:59]} {[%emt 00:00:50]} Nd6
{[%clk 00:05:38]} {[%emt 00:01:38]} 23. Rxf6 {[%clk 00:07:34]} {[%emt
00:03:55]} Ne4 {[%clk 00:05:32]} {[%emt 00:00:36]} 24. Bxe4 {[%clk 00:07:21]}
{[%emt 00:00:43]} dxe4 {[%clk 00:06:00]} {[%emt 00:00:02]} 25. Qe3 {[%clk
00:07:46]} {[%emt 00:00:05]} Rfe8 {[%clk 00:05:10]} {[%emt 00:01:20]} 26. Raf1
{[%clk 00:08:08]} {[%emt 00:00:07]} Re7 {[%clk 00:05:32]} {[%emt 00:00:07]} 27.
R6f4 {[%clk 00:05:51]} {[%emt 00:02:48]} Rd6 {[%clk 00:04:42]} {[%emt
00:01:21]} 28. Re1 {[%clk 00:05:58]} {[%emt 00:00:22]} h6 {[%clk 00:04:00]}
{[%emt 00:01:12]} 29. Rg4 {[%clk 00:05:55]} {[%emt 00:00:33]} hxg5 {[%clk
00:03:57]} {[%emt 00:00:33]} 30. Rxg5+ {[%clk 00:05:21]} {[%emt 00:01:04]} Rg6
{[%clk 00:04:22]} {[%emt 00:00:05]} 31. Rxg6+ {[%clk 00:03:27]} {[%emt
00:02:25]} fxg6 {[%clk 00:04:50]} {[%emt 00:00:02]} 32. Rf1 {[%clk 00:03:41]}
{[%emt 00:00:16]} Rf7 {[%clk 00:03:46]} {[%emt 00:01:34]} 33. Rxf7 {[%clk
00:03:32]} {[%emt 00:00:39]} Kxf7 {[%clk 00:04:15]} 34. b4 {[%clk 00:03:45]}
{[%emt 00:00:17]} Qf5 {[%clk 00:03:17]} {[%emt 00:01:28]} 35. Qg3 {[%clk
00:01:58]} {[%emt 00:02:17]} Qd7 {[%emt 00:03:17]} 36. Qf4+ {[%emt 00:00:01]}
Kg8 {[%emt 00:00:02]} 37. Qg3 {[%emt 00:00:16]} Qe6 {[%emt 00:00:03]} 1/2-1/2

[Event "Championnat de Belgique \"Experts\" 2018"]
[Site "Roux, Belgium"]
[Date "2018.07.30"]
[Round "3.5"]
[White "Dardha, Daniel"]
[Black "Malakhatko, Vadim"]
[Result "0-1"]
[WhiteTitle "FM"]
[BlackTitle "GM"]
[WhiteElo "2330"]
[BlackElo "2499"]

1. d4 {[%clk 01:30:49]} {[%emt 00:00:11]} e6 {[%clk 01:26:20]} {[%emt
00:04:39]} 2. c4 {[%clk 01:29:10]} {[%emt 00:02:09]} Bb4+ {[%clk 01:26:36]}
{[%emt 00:00:13]} 3. Bd2 {[%clk 01:29:17]} {[%emt 00:00:24]} a5 {[%clk
01:26:58]} {[%emt 00:00:07]} 4. Nf3 {[%clk 01:28:50]} {[%emt 00:00:57]} Nf6
{[%clk 01:26:42]} {[%emt 00:00:47]} 5. e3 {[%clk 01:28:33]} {[%emt 00:00:47]}
O-O {[%clk 01:24:16]} {[%emt 00:02:55]} 6. Nc3 {[%clk 01:28:36]} {[%emt
00:00:28]} d6 {[%clk 01:23:45]} {[%emt 00:01:01]} 7. a3 {[%clk 01:27:16]}
{[%emt 00:01:50]} Bxc3 {[%clk 01:24:10]} {[%emt 00:00:05]} 8. Bxc3 {[%clk
01:27:43]} {[%emt 00:00:04]} Ne4 {[%clk 01:24:08]} {[%emt 00:00:31]} 9. Qc2
{[%clk 01:23:26]} {[%emt 00:04:47]} Nxc3 {[%clk 01:24:20]} {[%emt 00:00:19]} 10.
Qxc3 {[%clk 01:23:53]} {[%emt 00:00:04]} Qe7 {[%clk 01:24:39]} {[%emt
00:00:10]} 11. Bd3 {[%clk 01:22:53]} {[%emt 00:01:30]} Nd7 {[%clk 01:23:55]}
{[%emt 00:01:13]} 12. O-O {[%clk 01:22:53]} {[%emt 00:00:30]} a4 {[%clk
01:22:36]} {[%emt 00:01:49]} 13. e4 {[%clk 01:09:53]} {[%emt 00:13:31]} e5
{[%clk 01:22:42]} {[%emt 00:00:23]} 14. Rae1 {[%clk 01:01:17]} {[%emt
00:09:05]} Re8 {[%clk 01:20:29]} {[%emt 00:02:43]} 15. Bc2 {[%clk 00:57:37]}
{[%emt 00:04:10]} Nf8 {[%clk 01:04:40]} {[%emt 00:16:19]} 16. Kh1 {[%clk
00:43:02]} {[%emt 00:15:06]} Bg4 {[%clk 00:47:30]} {[%emt 00:17:39]} 17. Nd2
{[%clk 00:35:25]} {[%emt 00:08:07]} exd4 {[%clk 00:47:31]} {[%emt 00:00:29]} 18.
Qxd4 {[%clk 00:35:53]} {[%emt 00:00:02]} Qe5 {[%clk 00:47:54]} {[%emt
00:00:07]} 19. Qe3 {[%clk 00:27:02]} {[%emt 00:09:22]} b6 {[%clk 00:40:05]}
{[%emt 00:08:19]} 20. Rb1 {[%clk 00:25:40]} {[%emt 00:01:51]} Qc5 {[%clk
00:39:31]} {[%emt 00:01:03]} 21. Rfe1 {[%clk 00:21:34]} {[%emt 00:04:36]} Qxe3
{[%clk 00:36:59]} {[%emt 00:03:02]} 22. Rxe3 {[%clk 00:21:59]} {[%emt
00:00:06]} Nd7 {[%clk 00:36:50]} {[%emt 00:00:38]} 23. Rbe1 {[%clk 00:16:55]}
{[%emt 00:05:35]} Nc5 {[%clk 00:34:00]} {[%emt 00:03:19]} 24. Bd3 {[%clk
00:07:47]} {[%emt 00:09:37]} Bd7 {[%clk 00:29:56]} {[%emt 00:04:35]} 25. Bf1
{[%clk 00:05:36]} {[%emt 00:02:40]} Re7 {[%clk 00:24:22]} {[%emt 00:06:03]} 26.
Kg1 {[%clk 00:03:50]} {[%emt 00:02:17]} Rae8 {[%clk 00:24:44]} {[%emt
00:00:07]} 27. f3 {[%clk 00:04:16]} {[%emt 00:00:05]} f5 {[%clk 00:25:06]}
{[%emt 00:00:09]} 28. Kf2 {[%clk 00:04:37]} {[%emt 00:00:09]} f4 {[%clk
00:18:41]} {[%emt 00:06:55]} 29. Rc3 {[%clk 00:05:03]} {[%emt 00:00:04]} Rb8
{[%clk 00:19:05]} {[%emt 00:00:06]} 30. g3 {[%clk 00:03:55]} {[%emt 00:01:38]}
Rf8 {[%clk 00:17:44]} {[%emt 00:01:52]} 31. Kg2 {[%clk 00:02:17]} {[%emt
00:02:09]} g5 {[%clk 00:16:46]} {[%emt 00:01:27]} 32. g4 {[%clk 00:02:09]}
{[%emt 00:00:38]} h5 {[%clk 00:16:54]} {[%emt 00:00:22]} 33. h3 {[%clk
00:02:04]} {[%emt 00:00:35]} Kg7 {[%clk 00:16:34]} {[%emt 00:00:50]} 34. Rc2
{[%clk 00:01:34]} {[%emt 00:01:01]} Rh8 {[%clk 00:13:06]} {[%emt 00:03:57]} 35.
Nb1 {[%clk 00:01:44]} {[%emt 00:00:21]} Bc6 {[%clk 00:13:23]} {[%emt 00:00:12]}
36. Nc3 {[%clk 00:02:03]} {[%emt 00:00:11]} Kf6 {[%clk 00:13:48]} {[%emt
00:00:04]} 37. Rd2 {[%clk 00:01:53]} {[%emt 00:00:41]} hxg4 {[%clk 00:13:31]}
{[%emt 00:00:47]} 38. hxg4 {[%clk 00:02:20]} {[%emt 00:00:03]} Reh7 {[%clk
00:13:29]} {[%emt 00:00:31]} 39. Kf2 {[%clk 00:02:43]} {[%emt 00:00:06]} Rh1
{[%clk 00:13:18]} {[%emt 00:00:42]} 40. Bg2 {[%clk 00:02:44]} {[%emt 00:00:29]}
Rxe1 {[%clk 00:13:42]} {[%emt 00:00:06]} 41. Kxe1 {[%clk 00:03:06]} {[%emt
00:00:09]} Ke5 {[%clk 00:11:15]} {[%emt 00:02:56]} 42. Kf2 {[%clk 00:02:24]}
{[%emt 00:01:09]} Bb7 {[%clk 00:09:43]} {[%emt 00:02:04]} 43. Kg1 {[%clk
00:28:52]} {[%emt 00:04:02]} c6 {[%clk 00:36:11]} {[%emt 00:04:03]} 44. Bf1
{[%clk 00:28:08]} {[%emt 00:01:14]} Ba6 {[%clk 00:23:56]} {[%emt 00:12:44]} 45.
Rd1 {[%clk 00:24:37]} {[%emt 00:04:01]} Bc8 {[%clk 00:22:23]} {[%emt 00:02:04]}
46. Kg2 {[%clk 00:24:37]} {[%emt 00:00:30]} Be6 {[%clk 00:21:34]} {[%emt
00:01:18]} 47. Be2 {[%clk 00:22:39]} {[%emt 00:02:28]} Rh7 {[%clk 00:21:18]}
{[%emt 00:00:46]} 48. Re1 {[%clk 00:13:23]} {[%emt 00:09:46]} Rh6 {[%clk
00:16:42]} {[%emt 00:05:06]} 49. Rd1 {[%clk 00:11:44]} {[%emt 00:02:09]} Bf7
{[%clk 00:16:49]} {[%emt 00:00:23]} 50. Bf1 {[%clk 00:10:06]} {[%emt 00:02:08]}
Rh7 {[%clk 00:13:43]} {[%emt 00:03:36]} 51. Re1 {[%clk 00:09:01]} {[%emt
00:01:36]} Rh8 {[%clk 00:13:59]} {[%emt 00:00:14]} 52. Be2 {[%clk 00:08:18]}
{[%emt 00:01:13]} Bg6 {[%clk 00:10:39]} {[%emt 00:03:49]} 53. Rd1 {[%clk
00:08:06]} {[%emt 00:00:43]} Ra8 {[%clk 00:09:30]} {[%emt 00:01:39]} 54. Rh1
{[%clk 00:07:39]} {[%emt 00:00:56]} Kf6 {[%clk 00:09:53]} {[%emt 00:00:07]} 55.
Kf2 {[%clk 00:07:51]} {[%emt 00:00:19]} Nd7 {[%clk 00:07:00]} {[%emt 00:03:23]}
56. Rd1 {[%clk 00:04:44]} {[%emt 00:03:37]} Ke7 {[%clk 00:07:15]} {[%emt
00:00:15]} 57. Na2 {[%clk 00:04:39]} {[%emt 00:00:36]} Ne5 {[%clk 00:05:26]}
{[%emt 00:02:18]} 58. Nb4 {[%clk 00:04:49]} {[%emt 00:00:21]} Rh8 {[%clk
00:05:37]} {[%emt 00:00:19]} 59. Kg2 {[%clk 00:04:53]} {[%emt 00:00:26]} Bf7
{[%clk 00:05:54]} {[%emt 00:00:12]} 60. Rc1 {[%clk 00:04:26]} {[%emt 00:00:58]}
c5 {[%clk 00:03:49]} {[%emt 00:02:34]} 61. Nd5+ {[%clk 00:04:11]} {[%emt
00:00:46]} Bxd5 {[%clk 00:04:13]} {[%emt 00:00:06]} 62. cxd5 {[%clk 00:04:31]}
{[%emt 00:00:10]} c4 {[%clk 00:03:46]} {[%emt 00:00:56]} 63. Kg1 {[%clk
00:03:16]} {[%emt 00:01:44]} b5 {[%clk 00:04:09]} {[%emt 00:00:08]} 64. Kg2
{[%clk 00:03:39]} {[%emt 00:00:07]} Kd8 {[%clk 00:04:07]} {[%emt 00:00:32]} 65.
Rg1 {[%clk 00:03:22]} {[%emt 00:00:47]} Kc7 {[%clk 00:04:25]} {[%emt 00:00:12]}
66. Kf2 {[%clk 00:03:48]} {[%emt 00:00:03]} Kb6 {[%clk 00:04:49]} {[%emt
00:00:06]} 67. Ke1 {[%clk 00:04:03]} {[%emt 00:00:16]} Kc5 {[%clk 00:05:12]}
{[%emt 00:00:07]} 68. Kd2 {[%clk 00:04:26]} {[%emt 00:00:07]} Rh2 {[%clk
00:05:31]} {[%emt 00:00:11]} 69. Rf1 {[%clk 00:04:32]} {[%emt 00:00:24]} Kd4
{[%clk 00:05:51]} {[%emt 00:00:09]} 70. Rd1 {[%clk 00:04:58]} {[%emt 00:00:05]}
Nd3 {[%clk 00:04:58]} {[%emt 00:01:23]} 0-1